| 000 | 005300000a22002050004500 | ||
|---|---|---|---|
| 003 | LK-CoMWRAF | ||
| 005 | 20231230125013.0 | ||
| 008 | 230817t ||||| |||| 00| 0 eng d | ||
| 020 | _a9558095389 | ||
| 040 |
_aLK-CoMWRAF _dLK-CoMWRAF _eLK-CoMWRAF |
||
| 041 | _aeng | ||
| 082 |
_a823 _bSIL |
||
| 100 | _aSilva, Nihal De | ||
| 245 | _aThe Road from elephant pass | ||
| 260 |
_aNugegoda : _bVijitha yapa publication, _c2004 |
||
| 300 | _a356p | ||
| 650 | _aEnglish Fiction | ||
| 650 | _aEnglish Fiction--Sri Lanka | ||
| 942 | _cBK | ||
| 999 |
_c775 _d775 |
||